La razón democrática : (Registro nro. 14298)
[ vista simple ]
| 000 -LEADER | |
|---|---|
| fixed length control field | 01223nam a2200349 a 4500 |
| 001 - CONTROL NUMBER | |
| control field | |
| 003 - CONTROL NUMBER IDENTIFIER | |
| control field | DO-SdBNP |
| 005 - DATE AND TIME OF LATEST TRANSACTION | |
| control field | 20221005140026.0 |
| 008 - FIXED-LENGTH DATA ELEMENTS--GENERAL INFORMATION | |
| fixed length control field | 090706s2013 dr ad 001 0 spa d |
| 020 ## - INTERNATIONAL STANDARD BOOK NUMBER | |
| International Standard Book Number | 9789945165739 |
| 040 ## - CATALOGING SOURCE | |
| Original cataloging agency | DO-SdBNP |
| Language of cataloging | spa |
| Transcribing agency | BPMSU |
| 082 ## - DEWEY DECIMAL CLASSIFICATION NUMBER | |
| Classification number | 321.8097293 |
| Item number | L925r 2013 |
| Edition number | 22 |
| 100 1# - MAIN ENTRY--PERSONAL NAME | |
| Personal name | Lozano, Wilfredo |
| 245 04 - TITLE STATEMENT | |
| Title | La razón democrática : |
| Remainder of title | cultura política, desarrollo y clientelismo en la democracia dominicana / |
| Statement of responsibility, etc. | Wilfredo Lozano |
| 246 13 - VARYING FORM OF TITLE | |
| Title proper/short title | La razón democrática |
| 260 ## - PUBLICATION, DISTRIBUTION, ETC. (IMPRINT) | |
| Place of publication, distribution, etc. | Santo Domingo : |
| Name of publisher, distributor, etc. | FLACSO, |
| Date of publication, distribution, etc. | 2013 |
| 300 ## - PHYSICAL DESCRIPTION | |
| Extent | 717 p. ; |
| Dimensions | 24 cm. |
| Other physical details | |
| 500 ## - GENERAL NOTE | |
| General note | Incluye referencias bibliográficas y notas al pie de las páginas |
| 504 ## - BIBLIOGRAPHY, ETC. NOTE | |
| Bibliography, etc | Bibliografía : p.687-706 |
| 590 ## - LOCAL NOTE (RLIN) | |
| Local note | Inventariado, 2022/VM |
| 650 #4 - SUBJECT ADDED ENTRY--TOPICAL TERM | |
| Topical term or geographic name as entry element | Democracia |
| Geographic subdivision | República Dominicana |
| 650 #4 - SUBJECT ADDED ENTRY--TOPICAL TERM | |
| Topical term or geographic name as entry element | Autoritarismo |
| Geographic subdivision | República Dominicana |
| 650 #4 - SUBJECT ADDED ENTRY--TOPICAL TERM | |
| Topical term or geographic name as entry element | Cultura política |
| Geographic subdivision | República Dominicana |
| 650 #4 - SUBJECT ADDED ENTRY--TOPICAL TERM | |
| Topical term or geographic name as entry element | Clientelismo |
| Geographic subdivision | República Dominicana |
| 651 #4 - SUBJECT ADDED ENTRY--GEOGRAPHIC NAME | |
| Geographic name | República Dominicana |
| General subdivision | Política y gobierno. |
| Geographic subdivision | |
| 651 #4 - SUBJECT ADDED ENTRY--GEOGRAPHIC NAME | |
| Geographic name | |
| 700 1# - ADDED ENTRY--PERSONAL NAME | |
| Personal name | Lozano, Wilfredo |
| Dates associated with a name | 1950- |
| Relator term | ed. |
| 700 1# - ADDED ENTRY--PERSONAL NAME | |
| Personal name | Wooding, Bridget, |
| Relator term | ed. |
| 710 2# - ADDED ENTRY--CORPORATE NAME | |
| Corporate name or jurisdiction name as entry element | FLACSO (República Dominicana) |
| 910 ## - USER-OPTION DATA (OCLC) | |
| User-option data | VMateo V./Validado |
| 942 ## - ADDED ENTRY ELEMENTS (KOHA) | |
| Source of classification or shelving scheme | Dewey Decimal Classification |
| Koha item type | Libros |
| Withdrawn status | Lost status | Source of classification or shelving scheme | Damaged status | Not for loan | Collection code | Home library | Current library | Date acquired | Total Checkouts | Full call number | Barcode | Date last seen | Price effective from | Koha item type | Copy number |
|---|---|---|---|---|---|---|---|---|---|---|---|---|---|---|---|
| Dewey Decimal Classification | Colección Dominicana | Biblioteca Pública Metropolitana Salomé Ureña | Biblioteca Pública Metropolitana Salomé Ureña | 10/06/2022 | BPMSU CD 321.8097293 L925r 2013 | BPMSU22100024 | 10/06/2022 | 10/06/2022 | Libros | ||||||
| Dewey Decimal Classification | Colección Dominicana | Biblioteca Pública Metropolitana Salomé Ureña | Biblioteca Pública Metropolitana Salomé Ureña | 10/06/2022 | BPMSU CD 321.8097293 L925r 2013 | BPMSU22100025 | 10/06/2022 | 10/06/2022 | Libros | e.2 | |||||
| Dewey Decimal Classification | Colección Dominicana | Biblioteca Pública Metropolitana Salomé Ureña | Biblioteca Pública Metropolitana Salomé Ureña | 10/06/2022 | BPMSU CD 321.8097293 L925r 2013 | BPMSU22100026 | 10/06/2022 | 10/06/2022 | Libros | e.3 |